Principles of piping analysis /

Guardado en:
Autor Principal: Burgreen, David, 1917-
Formato: Libro
Idioma:English
Publicado: Jamaica, N.Y. : C.P. Press, c1977.
Edición:1st ed.
Materias:
Etiquetas: Agregar Etiqueta
Sin Etiquetas, Sea el primero en etiquetar este registro!
LEADER 00721cam a22002415a 4500
001 EIQ.libpla002056
008 770817s1977####nyua##########001#0#eng#d
005 20070404173212.0
245 1 0 |a Principles of piping analysis /  |c David Burgreen. 
250 |a 1st ed. 
260 |a Jamaica, N.Y. :  |b C.P. Press,  |c c1977. 
300 |a x, 483 p. :  |b il. ;  |c 24 cm. 
500 |a Incluye índice. 
020 |a 0960045228 
100 1 |a Burgreen, David,  |d 1917- 
082 0 0 |a 621.8/672 
650 4 |a Tuberías  |x Diseño. 
650 4 |a Tuberías  |x Construcción. 
650 4 |a Piping  |x Construction. 
650 4 |a Piping  |x Design. 
010 |a  77070079  
040 |a DLC  |c DLC  |d AR-BbSID 
859 |a AR-BbSID  |b BIB. PLAPIQUI  |h 660.281  |i B 91  |p 2069